000
00287nam a22001337a 4500
008
170310b xxu||||| |||| 00| 0 eng d
020
_a
0397447310
041
_a
eng
080
_a
616 002 77
100
_a
7
101
_a
shm
245
_a
RHEUMATOLOGY
_c
KLIPPEL.J.H
942
_2
udc
_c
BK
999
_c
7450
_d
7450